Primenenija korreljacionnogo i spektralnogo analiza

Enregistré dans:
Détails bibliographiques
Auteur principal: Bendat, Julius S.
Autres auteurs: Piersol, Allan G.
Format: Livre
Langue:russe
Publié: Moskva Mir 1983
Tags: Ajouter un tag
Pas de tags, Soyez le premier à ajouter un tag!

MARC

LEADER 00000nam a2200000 4500
001 c115760
005 20240912111506.1
041 0 |a rus 
044 |a RU 
245 1 0 |a Primenenija korreljacionnogo i spektralnogo analiza  |c Julius S. Bendat, Allan G. Piersol ; [Perevod s anglijskogo V.Je. Prival'skogo] 
264 1 |a Moskva  |b Mir  |c 1983 
300 |a 312 s. 
100 1 |a Bendat, Julius S. 
700 1 |a Piersol, Allan G.